Russia: Republics - Statistics

General Stats
  • This quiz has been taken 33 times
  • The average score is 17 of 21
Answer Stats
Answer % Correct
Dagestan
88%
Karelia
88%
Sakha
88%
Udmurtia
88%
Altai
84%
Chechnya
84%
Komi
84%
North Ossetia
84%
Tuva
84%
Bashkortostan
80%
Buryatia
80%
Ingushetia
80%
Mari El
80%
Adygea
76%
Chuvashia
76%
Kalmykia
76%
Tatarstan
76%
Karachay-Cherkessia
68%
Khakassia
68%
Mordovia
68%
Kabardino-Balkaria
64%
No matching quizzes found
Score Distribution
Percent of People with Each Score
Percentile by Number Answered
Your Score History
You have not taken this quiz